000 00443nam a22001817a 4500
005 20251108170655.0
008 250721s9999 xx 000 0 eng d
082 1 4 _a216.23/BAH
100 1 _aEl Kholy, El Bahay
245 1 0 _aAl Siyam :
_bFasting /
264 1 _aKuwiat :
_c[19-].
300 _a50p.
650 1 7 _aFasting
650 1 7 _aIslamic jurisprudence
700 1 _aEl Kholy, Galal
_etran. by
942 _2ddc
_cBK
999 _c46310
_d46310